[Event "Internet Section 06A g/8'+2\""]
[Site "Dos Hermanas"]
[Date "2004.03.06"]
[Round "3"]
[White "Ardovsky, Philip"]
[Black "Gier, Rodrigo"]
[Result "1-0"]
[WhiteElo "1962"]
[BlackElo "1538"]
[PlyCount "31"]
[EventDate "2004.03.06"]
[EventType "swiss (blitz)"]
[EventRounds "9"]
[EventCountry "ESP"]
[SourceTitle "CBM 099 Extra"]
[Source "ChessBase"]
[SourceDate "2004.05.04"]
[SourceVersion "1"]
[SourceVersionDate "2004.05.04"]
[SourceQuality "1"]

1. e4 d5 2. exd5 Qxd5 3. Nc3 Qe6+ 4. Qe2 Nc6 5. Nf3 Bd7 6. d4 0-0-0 7. Be3 Nf6 8. 0-0-0 a6 9. d5 Ng4 10. dxe6 fxe6 11. h3 Nf6 12. Nd4 e5 13. Nxc6 bxc6 14. Qxa6+ Kb8 15. Qa7+ Kc8 16. Qa8# 1-0

[Event "Internet Section 06A g/8'+2\""]
[Site "Dos Hermanas"]
[Date "2004.03.06"]
[Round "1"]
[White "Siraco, Maurizio"]
[Black "Gier, Rodrigo"]
[Result "1-0"]
[WhiteElo "2176"]
[BlackElo "1560"]
[PlyCount "65"]
[EventDate "2004.03.06"]
[EventType "swiss (blitz)"]
[EventRounds "9"]
[EventCountry "ESP"]
[SourceTitle "CBM 099 Extra"]
[Source "ChessBase"]
[SourceDate "2004.05.04"]
[SourceVersion "1"]
[SourceVersionDate "2004.05.04"]
[SourceQuality "1"]

1. d4 d5 2. c3 Nc6 3. Bg5 f6 4. Bh4 Bf5 5. e3 e5 6. dxe5 fxe5 7. Bxd8 Rxd8 8. Bb5 Bc5 9. Nf3 Nf6 10. Nxe5 g6 11. Nxc6 Bd7 12. Nxd8 Bxb5 13. Ne6 h5 14. Nxc5 b6 15. Ne6 Kd7 16. Nd4 c5 17. Nxb5 a6 18. N5a3 Re8 19. 0-0 Ng4 20. c4 Re5 21. h3 Nf6 22. Nc3 d4 23. exd4 cxd4 24. Qxd4+ Ke6 25. f4 Ra5 26. Rae1+ Kf7 27. Qxb6 Rf5 28. Qc7+ Kg8 29. Nd5 Kf8 30. Qe7+ Kg8 31. Qd8+ Kh7 32. Re7+ Kh6 33. Qf8# 1-0